Every US State to its Capital - Randomized - Statistics

General Stats
  • This quiz has been taken 20 times
  • The average score is 36 of 50
Answer Stats
State Capital % Correct
Georgia Atlanta
100%
Tennessee Nashville
100%
New York Albany
90%
Texas Austin
90%
Massachusetts Boston
90%
Colorado Denver
90%
Hawaii Honolulu
90%
Indiana Indianapolis
90%
Oklahoma Oklahoma City
90%
Arizona Phoenix
90%
California Sacramento
90%
Ohio Columbus
80%
Connecticut Hartford
80%
Montana Helena
80%
Alaska Juneau
80%
Arkansas Little Rock
80%
North Carolina Raleigh
80%
Utah Salt Lake City
80%
New Mexico Santa Fe
80%
Florida Tallahassee
80%
Maryland Annapolis
70%
Maine Augusta
70%
Nevada Carson City
70%
South Carolina Columbia
70%
Delaware Dover
70%
Mississippi Jackson
70%
Washington Olympia
70%
South Dakota Pierre
70%
Rhode Island Providence
70%
Virginia Richmond
70%
Illinois Springfield
70%
Kansas Topeka
70%
Louisiana Bâton Rouge
60%
North Dakota Bismarck
60%
Idaho Boise
60%
New Hampshire Concord
60%
Iowa Des Moines
60%
Kentucky Frankfort
60%
Pennsylvania Harrisburg
60%
Missouri Jefferson City
60%
Michigan Lansing
60%
Wisconsin Madison
60%
Alabama Montgomery
60%
Vermont Montpelier
60%
Oregon Salem
60%
New Jersey Trenton
60%
Wyoming Cheyenne
50%
Minnesota Saint Paul
50%
West Virginia Charleston
40%
Nebraska Lincoln
40%
No matching quizzes found
Score Distribution
Percent of People with Each Score
Percentile by Number Answered
Your Score History
You have not taken this quiz